SSYRA Books 2018 Grades 3-5 Quiz Stats

 Plays Quiz not verified by Sporcle

Support Sporcle.
Go Orange.
Score 0/15 Timer 04:00
0 Plays Today
Book % Correct
Maxi's Secrets
100%
The Night of the Living Worms
100%
The Vanishing Coin
100%
Allie First at Last
100%
My Brother is a Superhero
100%
The Wild Robot
83.3%
A Whole New Ballgame
83.3%
Framed
83.3%
Book % Correct
The Hero Two Doors Down
83.3%
A Dragons Guide to the Care and Feeding of Humans
83.3%
Willy Maykit in Space
66.7%
Pugs of the Frozen North
66.7%
Castle Hangnail
66.7%
Save me a Seat
66.7%
Teddy Mars
50%

You're not logged in!

Compare scores with friends on all Sporcle quizzes.
OR
Log In

From the Vault

Click a Nick

by titanjmg

How many Nicks can you click real quick?
Remove Ads.
Support Sporcle.
Get the best of Sporcle when you Go Orange. This ad-free experience offers more features, more stats, and more fun while also helping to support Sporcle. Thank you for becoming a member.

Show Comments

Extras

Created Nov 26, 2017ReportNominate
Tags:Book Quiz, 2018, 3-5, grade

Top Quizzes Today


Score Distribution

Your Account Isn't Verified!

In order to create a playlist on Sporcle, you need to verify the email address you used during registration. Go to your Sporcle Settings to finish the process.

Report this User

Report this user for behavior that violates our Community Guidelines.

Details: